Mixed Doubles Curling Olympic Medalists - Statistics

General Stats
  • This quiz has been taken 22 times
    9 since last reset
  • The average score is 5 of 6
Answer Stats
Answer % Correct
Italy
100%
Sweden
100%
United States
100%
Canada
89%
Norway
89%
Switzerland
67%
No matching quizzes found
Score Distribution
Percent of People with Each Score
Percentile by Number Answered
Your Score History
You have not taken this quiz since the last reset